000 00743nam a22002177a 4500
005 20150630105714.0
008 140714b xxu||||| |||| 00| 0 Urdu d
010 _aUR-9126
020 _c200.00
035 _aU-7681
037 _bDBAD
040 _aDPL
_bUrdu
082 _a 841
100 _aمحمد اما ن علی ثا قب
245 _aنز ر ا نہ عقيد ت بشا ن ر سا لت
_cمحمد اما ن علی ثا قب
246 h _aNazrana-e-AqeedatBashan-e-Risalat
_bBy Mohd Aman Ali Saqib
260 _bAtiyab Publishing House
_c2011
_aHyderabad(A.P)
270 _a9-10241,Risala Bazar Qila GoleKanda
_bHyderabad
_k9849339588
_e8
300 _a154ص
_c22Cm (Hb)
942 _2ddc
_cUR
_e
_h 841
_mث ا ق
999 _c94543
_d94543